| Поле | Инд. | ПП | Название | Значение |
|---|---|---|---|---|
| Тип записи | a | |||
| Библиографический уровень | b | |||
| 001 | Контрольный номер | RU/IS/BASE/202318377 | ||
| 005 | Дата корректировки | 20220715140333.5 | ||
| 008 | Кодируемые данные | 20060530 | ||
| 084 | a | Индекс другой классификации/Индекс ББК | 60.561.3; 66.3(2Рос),15 | |
| 100 | 1_ | a | Автор | Карпова Н. В. |
| q | Полное имя | Карпова Наталья Владимировна | ||
| 245 | a | Заглавие | Политическая культура в процессе становления гражданского общества | |
| 504 | a | Библиография | Библиогр. ссылки. - Примеч. | |
| 650 | a | Основная рубрика | внутренняя политика | |
| a | Основная рубрика | политика | ||
| a | Основная рубрика | политическая социология | ||
| a | Основная рубрика | социология | ||
| 653 | a | Ключевые слова | гражданская культура | |
| a | Ключевые слова | гражданское общество | ||
| a | Ключевые слова | политическая культура | ||
| a | Ключевые слова | политические ценности | ||
| a | Ключевые слова | Россия | ||
| a | Ключевые слова | ценностные ориентации | ||
| 773 | t | Заглавие источника | Вестник Московского университета. Серия 18, Социология и политология | |
| d | Дата издания источника | 2006 | ||
| g | Прочая информация | № 1. - С. 41 - 54 | ||
| w | Контрольный № источника | RU/IS/BASE/199372887 | ||
| 901 | t | Тип документа | b |